| 000 | 00000nas 2200000za 4500 |
| 001 | 9.504177 |
| 003 | CaOODSP |
| 005 | 20230125090351 |
| 007 | cr ||||||||||| |
| 008 | 150406d19892005oncar p o||||f| |0fre|d |
| 040 | |aCaOODSP|bfre |
| 043 | |an-cn--- |
| 086 | 1 |aEn81-20F-PDF |
| 245 | 00|aInventaire national des matières contenant des BPC utilisées ou entreposées au Canada, rapport sommaire de ... |h[ressource électronique] / |cpréparé à l'intention du Conseil canadien des ministres de l'environnement. |
| 246 | 1 |aInventaire national des matières utilisées contenant des BPC et des déchets contenant des BPC en entreposage au Canada, rapport ... |
| 260 | |aOttawa : |bEnvironnement Canada |
| 310 | |aAnnuel |
| 362 | 0 |a1989-2005. |
| 691 | 07|aGestion des déchets|2gcpds |
| 691 | 07|aGestion de l'environnement|2gcpds |
| 691 | 07|aProduit toxique|2gcpds |
| 710 | 1 |aCanada. |bEnvironnement Canada. |
| 775 | 08|tNational inventory of PCBs in use and PCB wastes in storage in Canada, ... annual report |w(CaOODSP)9.507797 |